Acoustic probing of salt using sonar /

Bibliographic Details
Main Author: Butler, Kenneth Bryan
Format: Thesis eBook
Language:English
Published: [College Station, Tex.] : Butler, 1977.
Subjects:
Online Access:Link to OAKTrust copy

MARC

Tag First Indicator Second Indicator Subfields
LEADER 00000cam a2200000 i 4500
001 in00000616421
005 20220103114657.0
007 cr unu a
008 780715s1977 txua b 00010 eng d
035 |9 ACS5846AM 
035 |a (OCoLC)04055297 
040 |a TXA  |c TXA  |d UtOrBLW 
049 |a TXAZ [Also in] [Sp Coll]  |c 1 [442416], 2 [442417] 
099 |a 1977  |a Thesis  |a B985 
100 1 |a Butler, Kenneth Bryan. 
245 1 0 |a Acoustic probing of salt using sonar /  |c by Kenneth Bryan Butler. 
264 1 |a [College Station, Tex.] :  |b Butler,  |c 1977. 
300 |a xiv, 141 leaves :  |b illustrations ;  |c 28 cm. 
336 |a text  |b txt  |2 rdacontent 
337 |a computer  |b c  |2 rdamedia 
338 |a online resource  |b cr  |2 rdacarrier 
500 |a "Major subject: Geophysics." 
500 |a Vita. 
502 |b M. S.  |c Texas A&M University. 
504 |a Bibliography: leaves 131-134. 
530 |a Also available online. 
650 0 |a Piezoelectric transducers. 
650 0 |a Salt deposits  |x Remote sensing. 
650 0 |a Salt mines and mining. 
650 4 |a Major geophysics. 
856 4 1 |u https://hdl.handle.net/1969.1/ETD-TAMU-1977-THESIS-B985  |z Link to OAKTrust copy  |t 0 
999 |a MARS 
999 f f |s e4c1e8cd-d0b4-3f96-937c-ac6a282bebd4  |i 08d02baf-5544-3031-b4ad-5d1f9d6c713e  |t 0 
952 f f |p noncirc  |a Texas A&M University  |b J.J. Pickle Campus  |c High Density Repository  |s HDR  |d Remote Storage  |t 0  |e 1977 Thesis B985  |h Other scheme  |i computer -- online resource  |m A14840977406 
952 f f |a Texas A&M University  |b College Station  |c Electronic Resources  |s www_evans  |d Available Online  |t 0  |e 1977 Thesis B985  |h Other scheme 
998 f f |a 1977 Thesis B985  |t 0  |l Remote Storage 
998 f f |a 1977 Thesis B985  |t 0  |l Available Online